000 00945nam a22002777a 4500
001 BR2010000816
003 BR-BrBNA
005 20230928103155.0
007 ta
008 230509b bl.||||| |||| 00| 0 por d
040 _aBR-BrBNA
_bpor
_cBiblioteca Nacional de Agricultura
041 _a(Por)
072 _aF60
_b2290
090 _ 2290 BR2010000816
100 1 _aChagas, J.H.
110 1 _aUniversidade Federal de Lavras, MG (Brasil)
_0Tese (Doutorado)
245 1 _aCrescimento de plantas, teor e composição química volátil de Mentha arvensis L. em função da intensidade e qualidade de luz, métodos de secagem e tempos de extração
260 3 _aLavras, MG (Brasil):
_c2009.
300 _a126 p.
500 _aSummaries (Eng, Por); Several bibliography; 11 tables; 25 illus. p.
650 _aMENTA
650 _aCRESCIMENTO
650 _aCOMPOSIÇÃO QUÍMICA
909 _a202309
_bLucia
_c55
_dLucia Elande
942 _cBK
999 _c74014
_d74014